The Power of Your Subconscious Mind / (Record no. 410)

000 -LEADER
fixed length control field 00525nam a2200169Ia 4500
008 - FIXED-LENGTH DATA ELEMENTS--GENERAL INFORMATION
fixed length control field 190805s9999||||xx |||||||||||||| ||und||
020 ## - INTERNATIONAL STANDARD BOOK NUMBER
International Standard Book Number 9781471179396
Terms of availability £ 9.99
082 04 - DEWEY DECIMAL CLASSIFICATION NUMBER
Classification number 154.2
Item number M9547
100 1# - MAIN ENTRY--PERSONAL NAME
Personal name Murphy, Joseph
245 14 - TITLE STATEMENT
Title The Power of Your Subconscious Mind /
260 ## - PUBLICATION, DISTRIBUTION, ETC. (IMPRINT)
Place of publication, distribution, etc London :
Name of publisher, distributor, etc Simon & Schuster,
Date of publication, distribution, etc 2018
300 ## - PHYSICAL DESCRIPTION
Extent xxi, 297 p.
Other physical details :
Dimensions ; 20 cm.
650 #0 - SUBJECT ADDED ENTRY--TOPICAL TERM
Topical term or geographic name as entry element Subconsciousness
700 1# - ADDED ENTRY--PERSONAL NAME
Personal name Pell, Arthur R.
852 ## - LOCATION/CALL NUMBER
Location
942 ## - ADDED ENTRY ELEMENTS (KOHA)
Item type Books
Holdings
Withdrawn status Lost status Source of classification or shelving scheme Damaged status Not for loan Collection code Permanent location Current location Shelving location Date acquired Source of acquisition Cost, normal purchase price Total Checkouts Total Renewals Full call number Barcode Date last seen Date last borrowed Koha item type Public note
          Fiction IMU Kochi Library IMU Kochi Library General Stacks 2019-06-26 Green Books 199.00 15 9 154.2 M9547 BK005590 2025-09-30 2025-09-18 Books Shelf-18, Row-1


Copyright © All Rights Reserved by Indian Maritime University, Kochi Campus.
For any Suggestions/Query Contact to library or Email: library.kochi@imu.ac.in Ph:(0484)-2989402
(Web OPAC Designed by Rudra Ranjan. Maintained by IMU Kochi Library)

Powered by Koha